| 000 | nam a22 a 4500 | ||
|---|---|---|---|
| 999 |
_c4561 _d4561 |
||
| 003 | AKMAL | ||
| 005 | 20170531154019.0 | ||
| 008 | 1 s2012 my e 000 0 eng d | ||
| 020 | _a9789678919418 (pbk.) | ||
| 040 | _cAKMAL | ||
| 082 | 0 | 4 |
_a347.59506 MAL _222 |
| 090 | 0 | 0 |
_a347.59506 _bMAL |
| 110 | 1 |
_aMalaysia _9400 |
|
| 240 | 1 | 0 |
_aAkta Keterangan, 1950. _lEnglish |
| 245 | 1 | 0 |
_aEvidence Act 1950 (Act 56) & Evidence of Child Witness Act 2007 (Act 676) : _b(as at 1st March 2012) / _ccompiled by Legal Research Board |
| 260 |
_aPetaling Jaya : _bInternational Law Book Services, _c2012 |
||
| 300 |
_a150p. ; _c24cm. |
||
| 490 | 1 | _aLaws of Malaysia | |
| 650 | 1 | 0 |
_aEvidence (Law) _zMalaysia _98308 |
| 650 | 2 | 0 |
_aConfession (Law) _zMalaysia _98728 |
| 650 | 2 | 0 |
_aChild witnesses _xLaw and legislation _zMalaysia _98795 |
| 710 | 2 |
_aLembaga Penyelidikan Undang-Undang _98796 |
|
| 830 | 0 |
_aLaws of Malaysia _91830 |
|
| 942 |
_2ddc _cBOOK |
||